| 000 | 00506nam a2200169 a 4500 | ||
|---|---|---|---|
| 001 | 000021034 | ||
| 005 | 20200930011221.0 | ||
| 008 | 100830s1992 dr ab 000 0 spa d | ||
| 040 |
_aDO-SdBNP _bspa _cBNPHU |
||
| 082 |
_axxx _bS211s |
||
| 100 | 1 |
_aSánchez Córdova, René _944009 |
|
| 245 | 1 | 0 |
_aSanto Domingo 1496-1991 / _cRené Sánchez Córdova. |
| 260 |
_aSanto Domingo : _bCorripio, _c1992. |
||
| 300 |
_a87 p. : _bil. ; map. ; _c23 cm. |
||
| 504 | _aIncluye bibliografías [86-87 p.] | ||
| 049 | _aBNPD | ||
| 999 |
_c20537 _d20537 |
||